000 00706nam a2200157Ia 4500
008 210716s2017 xx 000 0 und d
020 _a9781786464538
041 _aeng
082 _a005.364 BERM
100 _aBertoli, Michele.
245 _aReact design patterns and best practices: build modular applications that are easy to scale using the most powerful components and design patterns that react can offer you right now.
_bBuild modular applications that are easy to scale using the most powerful components and design patterns that react can offer you right now.
250 _a1
260 _aMumbai
_bPackt Publishing Ltd
_c2017
300 _av, 302
650 _aObject Oriented Analysis & Design
999 _c196733
_d196733